000 00439nam a2200169Ia 4500
008 230917s9999||||xx |||||||||||||| ||und||
020 _cRS225
040 _e231419
_aMAIN
041 _aEnglish
082 _a005.43 S16S
100 _aShalini, A C
245 0 _aSystem software
260 _aChennai
_bScitech Publications (India)
_c2015
300 _av. p.
500 _a2269 01/02/2016 HBD15/1736 14/03/2016 Main Budget
942 _cBK
999 _c17886
_d17886